[Event "Aragon-chT Preferente B"]
[Site "Aragon"]
[Date "2015.03.21"]
[Round "9.71"]
[White "Prieto Martinez, Fco Javier"]
[Black "Lopez Guaita, Fernando"]
[Result "0-1"]
[WhiteElo "1829"]
[BlackElo "1967"]
[PlyCount "82"]
[EventDate "2015.01.24"]
[EventType "team-tourn"]
[EventRounds "9"]
[EventCountry "ESP"]
[SourceTitle "EXT 2017"]
[Source "ChessBase"]
[SourceDate "2016.10.25"]
[SourceVersion "1"]
[SourceVersionDate "2016.10.25"]
[SourceQuality "1"]
[WhiteTeam "Caissa II"]
[BlackTeam "Agrupacion II"]
[WhiteTeamCountry "ESP"]
[BlackTeamCountry "ESP"]

1. Nc3 d5 2. e4 dxe4 3. Nxe4 Nf6 4. Nxf6+ exf6 5. Bc4 Bd6 6. Qe2+ Qe7 7. d4 0-0 8. Qxe7 Bxe7 9. Bf4 c6 10. 0-0-0 Nd7 11. d5 Ne5 12. Bb3 Rd8 13. Nf3 Bg4 14. Bxe5 Bxf3 15. gxf3 fxe5 16. Rhe1 Bd6 17. Re2 Rab8 18. dxc6 bxc6 19. Red2 Be7 20. Rd7 Kf8 21. f4 exf4 22. Rxa7 f3 23. Rd3 f5 24. h4 Rxd3 25. cxd3 Bxh4 26. Rf7+ Ke8 27. Rxg7 Rb4 28. Kd2 Bxf2 29. Rxh7 Bd4 30. Rh5 f4 31. Rh3 f2 32. Ke2 Rb5 33. Kf1 Re5 34. Rh8+ Ke7 35. Rh7+ Kd6 36. Rh6+ Kc7 37. Rh7+ Kd8 38. Rh8+ Kc7 39. Rh7+ Kb6 40. Rh1 Re1+ 41. Kg2 Rxh1 0-1